| 000 | 01269nam a22003617a 4500 | ||
|---|---|---|---|
| 003 | CHAP | ||
| 005 | 20220329134327.0 | ||
| 008 | 971013s1919 r 00010 d | ||
| 010 | _a18831 | ||
| 011 | _a19803 | ||
| 035 | _a23888 | ||
| 040 | _cCHAP | ||
| 082 |
_a574.5 _bC45 |
||
| 110 |
_aCentro de Investigaciones Ecológicas del Sureste. San Cristóbal de las Casas, Chis. _921120 |
||
| 245 | _aSumario de actividades academicas administrativas | ||
| 260 |
_aSan Cristóbal de Las Casas : _bEl Centro, _c19 -19 |
||
| 300 |
_av. _b: ilus. ; mapas ; gráfs. |
||
| 490 | _aLogros institucionales | ||
| 500 | _aLa biblioteca tiene: 1981 | ||
| 590 |
_aBATCH-UPD _b10 _c20130110 _lUCH01 _h0106 |
||
| 590 |
_aBATCH-UPD _b10 _c20130110 _lUCH01 _h1143 |
||
| 590 |
_aBATCH-UPD _b10 _c20130410 _lUCH01 _h0729 |
||
| 590 |
_aBATCH-UPD _b10 _c20130914 _lUCH01 _h0034 |
||
| 590 |
_aCONVERSION _b10 _c20130109 _lUCH01 _h1311 |
||
| 650 | 1 | 4 |
_aAgricultura _xChiapas. _91355 |
| 650 | 1 | 4 |
_aAgricultura _xInvestigacion _xChiapas. _91597 |
| 650 | 1 | 4 |
_aEcología agrícola. _935165 |
| 650 | 1 | 4 |
_aEcología _xInvestigación. _935146 |
| 830 | 0 |
_aLogros institucionales _967476 |
|
| 901 | _aBK | ||
| 942 | _cLIBRO | ||
| 949 |
_a574.5 C45 _bBC _cLIBRO _d33724000427753 _eLIBRO _f1981 _h67613 _i23888 _si |
||
| 999 |
_c18831 _d18831 |
||